Les 34 Participants de Mafia - Statistics

General Stats
  • This quiz has been taken 4 times
  • The average score is 22 of 34
Answer Stats
Answer % Correct
9 Ezhyo
100%
13 Feunlic
100%
32 Gobou
100%
6 Last Dream
100%
27 Lex
100%
31 Mimoze
100%
8 Sébouss
100%
33 Stellar
100%
20 Sylveon
100%
23 Thunungu
100%
34 ZeSiph
100%
25 Chama
75%
29 Coma
75%
5 Henumi
75%
18 Jojoelle
75%
14 K-J
75%
2 Line
75%
28 Mitsu
75%
19 Bubuyog
50%
4 Exoskellet
50%
24 Kagura
50%
26 Loukyia
50%
22 Skyprad
50%
12 TimFusée
50%
10 TimShield
50%
16 Absolembum
25%
21 Akajou
25%
15 Hensoku
25%
3 Iloufilm
25%
11 Kadhrei
25%
30 LF1
25%
1 Neowstix
25%
17 NYU
25%
7 Stannys The Mannys
25%
No matching quizzes found
Score Distribution
Percent of People with Each Score
Percentile by Number Answered
Your Score History
You have not taken this quiz